<?xml version="1.0" encoding="UTF-8"?>
<record
    xmlns:xsi="http://www.w3.org/2001/XMLSchema-instance"
    xsi:schemaLocation="http://www.loc.gov/MARC21/slim http://www.loc.gov/standards/marcxml/schema/MARC21slim.xsd"
    xmlns="http://www.loc.gov/MARC21/slim">

  <leader>01453nam a22002657a 4500</leader>
  <controlfield tag="003">Uzh_bibl</controlfield>
  <controlfield tag="008">260402b        |||||||| |||| 00| 0 ukr d</controlfield>
  <datafield tag="020" ind1=" " ind2=" ">
    <subfield code="a">978-617-09-4439-9</subfield>
    <subfield code="c">114.00</subfield>
  </datafield>
  <datafield tag="040" ind1=" " ind2=" ">
    <subfield code="b">&#x443;&#x43A;&#x440;.</subfield>
  </datafield>
  <datafield tag="041" ind1=" " ind2=" ">
    <subfield code="2">ukr</subfield>
    <subfield code="a">ukr</subfield>
  </datafield>
  <datafield tag="080" ind1=" " ind2=" ">
    <subfield code="a">502</subfield>
  </datafield>
  <datafield tag="090" ind1=" " ind2=" ">
    <subfield code="a">502</subfield>
    <subfield code="b">&#x421; 85</subfield>
  </datafield>
  <datafield tag="100" ind1=" " ind2=" ">
    <subfield code="a">&#x421;&#x442;&#x43E;&#x440;&#x43E;&#x436;&#x435;&#x43D;&#x43A;&#x43E;,&#x413;&#x430;&#x43B;&#x438;&#x43D;&#x430;</subfield>
  </datafield>
  <datafield tag="245" ind1=" " ind2=" ">
    <subfield code="a">&#x416;&#x438;&#x442;&#x442;&#x44F; &#x43B;&#x456;&#x441;&#x443;</subfield>
    <subfield code="c">&#x445;&#x443;&#x434;&#x43E;&#x436;.&#x43E;&#x444;&#x43E;&#x440;&#x43C;.&#x412; &#x422;&#x440;&#x443;&#x444;&#x435;&#x43D;</subfield>
    <subfield code="h">&#x422;&#x435;&#x43A;&#x441;&#x442;</subfield>
  </datafield>
  <datafield tag="260" ind1=" " ind2=" ">
    <subfield code="a">&#x425;&#x430;&#x440;&#x43A;&#x456;&#x432;</subfield>
    <subfield code="b">&#x420;&#x430;&#x43D;&#x43E;&#x43A;</subfield>
    <subfield code="c">2018</subfield>
  </datafield>
  <datafield tag="300" ind1=" " ind2=" ">
    <subfield code="a">64 &#x441;.</subfield>
    <subfield code="b">&#x456;&#x43B;.</subfield>
    <subfield code="f">&#x412; &#x43E;&#x43F;&#x440;.</subfield>
  </datafield>
  <datafield tag="490" ind1=" " ind2=" ">
    <subfield code="a">&#x421;&#x435;&#x440;&#x456;&#x44F;"&#x421;&#x432;&#x456;&#x442; &#x456; &#x439;&#x43E;&#x433;&#x43E; &#x442;&#x430;&#x454;&#x43C;&#x43D;&#x438;&#x446;&#x456;"</subfield>
  </datafield>
  <datafield tag="520" ind1=" " ind2=" ">
    <subfield code="a">&#x41A;&#x43D;&#x438;&#x433;&#x430; &#x443; &#x437;&#x440;&#x43E;&#x437;&#x443;&#x43C;&#x456;&#x43B;&#x456;&#x439; &#x456; &#x446;&#x456;&#x43A;&#x430;&#x432;&#x456;&#x439; &#x444;&#x43E;&#x440;&#x43C;&#x456; &#x43F;&#x43E;&#x437;&#x43D;&#x430;&#x439;&#x43E;&#x43C;&#x438;&#x442;&#x44C; &#x44E;&#x43D;&#x43E;&#x433;&#x43E; &#x447;&#x438;&#x442;&#x430;&#x447;&#x430; &#x437; &#x434;&#x438;&#x432;&#x43E;&#x432;&#x438;&#x436;&#x43D;&#x438;&#x43C; &#x436;&#x438;&#x442;&#x442;&#x44F;&#x43C; &#x43B;&#x456;&#x441;&#x443;. &#x42F; &#x44F;&#x43A;&#x456; &#x432;&#x438;&#x434;&#x438; &#x43B;&#x456;&#x441;&#x456;&#x432; &#x456;&#x441;&#x43D;&#x443;&#x44E;&#x442;&#x44C; &#x43D;&#x430; &#x417;&#x435;&#x43C;&#x43B;&#x456;? &#x42F;&#x43A; &#x436;&#x438;&#x432;&#x435; &#x43B;&#x456;&#x441; &#x443; &#x440;&#x456;&#x437;&#x43D;&#x456; &#x441;&#x435;&#x437;&#x43E;&#x43D;&#x438;? &#x42F;&#x43A;&#x456; &#x43B;&#x456;&#x441;&#x438; &#x431;&#x430;&#x447;&#x438;&#x43B;&#x438; &#x434;&#x438;&#x43D;&#x43E;&#x437;&#x430;&#x432;&#x440;&#x438;? &#x412;&#x456;&#x434;&#x43F;&#x43E;&#x432;&#x456;&#x434;&#x456; &#x43D;&#x430; &#x446;&#x456; &#x437;&#x430;&#x43F;&#x438;&#x442;&#x430;&#x43D;&#x43D;&#x44F; &#x447;&#x438;&#x442;&#x430;&#x447; &#x437;&#x43D;&#x430;&#x439;&#x434;&#x435; &#x443; &#x43A;&#x43D;&#x438;&#x437;&#x456;, &#x44F;&#x43A;&#x443; &#x43C;&#x43E;&#x436;&#x43D;&#x430; &#x432;&#x438;&#x43A;&#x43E;&#x440;&#x438;&#x441;&#x442;&#x43E;&#x432;&#x443;&#x432;&#x430;&#x442;&#x438; &#x456; &#x44F;&#x43A; &#x437;&#x430;&#x445;&#x43E;&#x43F;&#x43B;&#x438;&#x432;&#x435; &#x447;&#x438;&#x442;&#x430;&#x43D;&#x43D;&#x44F;, &#x456; &#x44F;&#x43A; &#x43D;&#x430;&#x43E;&#x447;&#x43D;&#x438;&#x439; &#x43F;&#x43E;&#x441;&#x456;&#x431;&#x43D;&#x438;&#x43A;, &#x456; &#x44F;&#x43A; &#x434;&#x43E;&#x432;&#x456;&#x434;&#x43D;&#x438;</subfield>
  </datafield>
  <datafield tag="521" ind1=" " ind2=" ">
    <subfield code="a">&#x414;&#x43B;&#x44F; &#x434;&#x456;&#x442;&#x435;&#x439; &#x43C;&#x43E;&#x43B;&#x43E;&#x434;&#x448;&#x43E;&#x433;&#x43E; &#x442;&#x430; &#x441;&#x435;&#x440;&#x435;&#x434;&#x43D;&#x44C;&#x43E;&#x433;&#x43E; &#x448;&#x43A;&#x456;&#x43B;&#x44C;&#x43D;&#x43E;&#x433;&#x43E; &#x432;&#x456;&#x43A;&#x443;</subfield>
  </datafield>
  <datafield tag="546" ind1=" " ind2=" ">
    <subfield code="a">&#x443;&#x43A;&#x440;.</subfield>
  </datafield>
  <datafield tag="650" ind1=" " ind2=" ">
    <subfield code="a">&#x41D;&#x430;&#x443;&#x43A;&#x43E;&#x432;&#x43E;-&#x43F;&#x43E;&#x43F;&#x443;&#x43B;&#x44F;&#x440;&#x43D;&#x435; &#x432;&#x438;&#x434;&#x430;&#x43D;&#x43D;&#x44F;</subfield>
  </datafield>
  <datafield tag="653" ind1=" " ind2=" ">
    <subfield code="a">&#x41B;&#x456;&#x441;</subfield>
    <subfield code="a">&#x414;&#x435;&#x440;&#x435;&#x432;&#x430;</subfield>
    <subfield code="a">&#x428;&#x43A;&#x456;&#x434;&#x43D;&#x438;&#x43A;&#x438; &#x43B;&#x456;&#x441;&#x443;</subfield>
  </datafield>
  <datafield tag="655" ind1=" " ind2=" ">
    <subfield code="a">&#x414;&#x43E;&#x432;&#x456;&#x434;&#x43D;&#x438;&#x43A;</subfield>
  </datafield>
  <datafield tag="942" ind1=" " ind2=" ">
    <subfield code="2">udc</subfield>
    <subfield code="c">BK</subfield>
  </datafield>
  <datafield tag="999" ind1=" " ind2=" ">
    <subfield code="c">17246</subfield>
    <subfield code="d">17246</subfield>
  </datafield>
  <datafield tag="952" ind1=" " ind2=" ">
    <subfield code="0">0</subfield>
    <subfield code="1">0</subfield>
    <subfield code="2">udc</subfield>
    <subfield code="4">0</subfield>
    <subfield code="7">0</subfield>
    <subfield code="a">MBdD</subfield>
    <subfield code="b">MBdD</subfield>
    <subfield code="c">CHS</subfield>
    <subfield code="d">2026-03-18</subfield>
    <subfield code="e">&#x41F;&#x43E;&#x434;&#x430;&#x440;&#x43E;&#x432;&#x430;&#x43D;&#x456;</subfield>
    <subfield code="i">80826</subfield>
    <subfield code="o">502</subfield>
    <subfield code="p">19288</subfield>
    <subfield code="r">2026-04-02</subfield>
    <subfield code="w">2026-03-26</subfield>
    <subfield code="y">BK</subfield>
  </datafield>
</record>
